00737nam a22001817a 450000500170000001000150001702000260003203500130005803700130007108200160008410000190010024502650011925000110038426000310039527000840042630000250051050000200053520160127103058.0 aENG-114491 a9789350355954c895.00 aEN-98023 bDBAD/PUB a353.5409944 aBhansali, S.R. aCommentary on the information technology act :cby S.R. Bhansaliban exhaustive section-wise commentary on The Information Technology Act, 2000 along with rules, regulations, orders guidelines, notifications, model law on e-commerce, state laws and proformas / a3rd ed aGurgaon bLexisNexisc2015 a14th Floor, Building No.10, Tower-B, DLF Cyber City, Phase-IIbGurgaon e122002 axlii,669p.c25cm(Hb) aIncludes index